000 00437nam a2200181Ia 4500
008 230711s9999||||xx |||||||||||||| ||und||
020 _a978-1-61689-255-5
041 _aENG
082 _a724.6
_bLE-M
100 _aLewis, Paul
245 0 _aManual of Section
250 _a1st Ed.
260 _c2017
_aNew York
_bPrinceton Architectural Press
300 _a206p.
650 _aArchitecture
700 _aTsurumaki,Marc
942 _cBK
999 _c6492
_d6492